<?xml version="1.0" encoding="UTF-8"?><?xml-stylesheet type="text/xsl" href="static/style.xsl"?><OAI-PMH xmlns="http://www.openarchives.org/OAI/2.0/" xmlns:xsi="http://www.w3.org/2001/XMLSchema-instance" xsi:schemaLocation="http://www.openarchives.org/OAI/2.0/ http://www.openarchives.org/OAI/2.0/OAI-PMH.xsd"><responseDate>2026-06-05T21:43:12Z</responseDate><request verb="GetRecord" identifier="oai:riuma.uma.es:10630/37223" metadataPrefix="marc">https://riuma.uma.es/rest/oai/request</request><GetRecord><record><header><identifier>oai:riuma.uma.es:10630/37223</identifier><datestamp>2026-02-03T10:50:40Z</datestamp><setSpec>com_10630_2254</setSpec><setSpec>col_10630_37953</setSpec></header><metadata><record xmlns="http://www.loc.gov/MARC21/slim" xmlns:dcterms="http://purl.org/dc/terms/" xmlns:doc="http://www.lyncode.com/xoai" xmlns:xsi="http://www.w3.org/2001/XMLSchema-instance" xsi:schemaLocation="http://www.loc.gov/MARC21/slim http://www.loc.gov/standards/marcxml/schema/MARC21slim.xsd">
   <leader>00925njm 22002777a 4500</leader>
   <datafield ind2=" " ind1=" " tag="042">
      <subfield code="a">dc</subfield>
   </datafield>
   <datafield ind2=" " ind1=" " tag="720">
      <subfield code="a">Hanna, Catherine R.</subfield>
      <subfield code="e">author</subfield>
   </datafield>
   <datafield ind2=" " ind1=" " tag="720">
      <subfield code="a">Robles-Zurita, José Antonio</subfield>
      <subfield code="e">author</subfield>
   </datafield>
   <datafield ind2=" " ind1=" " tag="720">
      <subfield code="a">Briggs, Andrew</subfield>
      <subfield code="e">author</subfield>
   </datafield>
   <datafield ind2=" " ind1=" " tag="720">
      <subfield code="a">Harkin, Andrea</subfield>
      <subfield code="e">author</subfield>
   </datafield>
   <datafield ind2=" " ind1=" " tag="720">
      <subfield code="a">Kelly, Caroline</subfield>
      <subfield code="e">author</subfield>
   </datafield>
   <datafield ind2=" " ind1=" " tag="720">
      <subfield code="a">McQueen, John</subfield>
      <subfield code="e">author</subfield>
   </datafield>
   <datafield ind2=" " ind1=" " tag="720">
      <subfield code="a">Allan, Karen</subfield>
      <subfield code="e">author</subfield>
   </datafield>
   <datafield ind2=" " ind1=" " tag="720">
      <subfield code="a">Pearson, Sarah</subfield>
      <subfield code="e">author</subfield>
   </datafield>
   <datafield ind2=" " ind1=" " tag="720">
      <subfield code="a">Hollander, Henrik</subfield>
      <subfield code="e">author</subfield>
   </datafield>
   <datafield ind2=" " ind1=" " tag="720">
      <subfield code="a">Glimelius, Bengt</subfield>
      <subfield code="e">author</subfield>
   </datafield>
   <datafield ind2=" " ind1=" " tag="720">
      <subfield code="a">Salazar, Ramon</subfield>
      <subfield code="e">author</subfield>
   </datafield>
   <datafield ind2=" " ind1=" " tag="720">
      <subfield code="a">Segelov, Eva</subfield>
      <subfield code="e">author</subfield>
   </datafield>
   <datafield ind2=" " ind1=" " tag="720">
      <subfield code="a">Saunders, Mark</subfield>
      <subfield code="e">author</subfield>
   </datafield>
   <datafield ind2=" " ind1=" " tag="720">
      <subfield code="a">Iveson, Tim</subfield>
      <subfield code="e">author</subfield>
   </datafield>
   <datafield ind2=" " ind1=" " tag="720">
      <subfield code="a">Jones, Robert J.</subfield>
      <subfield code="e">author</subfield>
   </datafield>
   <datafield ind2=" " ind1=" " tag="720">
      <subfield code="a">Boyd, Kathleen A.</subfield>
      <subfield code="e">author</subfield>
   </datafield>
   <datafield ind2=" " ind1=" " tag="260">
      <subfield code="c">2021</subfield>
   </datafield>
   <datafield ind2=" " ind1=" " tag="520">
      <subfield code="a">Background: The Short Course Oncology Treatment (SCOT) trial demonstrated non-infer ior it y, less toxicit y, and cost- effectiveness from a UK perspective of 3 versus 6 months of oxaliplatin-based chemotherapy for patients with colorectal cancer. This study assessed the cost-effectiveness of shorter treatment and the budget impact of implementing trial findings from the perspectives of all countries recruited to SCOT: Australia, Denmark, New Zealand, Spain, Sweden, and the United Kingdom. Patients and Methods: Individual cost–utility analyses were performed from the perspective of each country. Resource, quality of life, and survival estimates from the SCOT trial ( N = 6065) were used. Probabilistic sensitivity analysis and subgroup analyses were undertaken. Using undiscounted costs from these cost–utility analyses, the impact on country-specific healthcare budgets of implementing the SCOT trial findings was calculated over a 5- year period. The currency used was US dollars (US$), and 2019 was the base year. One-way and scenario sensitivity analysis addressed uncertainty within the budget impact analysis. Results: Three months of treatment were cost saving and cost-effective compared to 6 months from the perspective of all countries. The incremental net monetary benefit per patient ranged from US$8972 (Spain) to US$13,884 (Denmark). The healthcare budget impact over 5 years for the base-case scenario ranged from US$3.6 million (New Zealand) to US$61.4 million (UK) and totaled over US$150 million across all countries. Conclusion: This study has widened the transferability of results from the SCOT trial, showing that shorter treatment is cost-effective from a multi-country perspective. The vast savings from implementation could fully justify the investment in conducting the SCOT trial.</subfield>
   </datafield>
   <datafield ind1="8" ind2=" " tag="024">
      <subfield code="a">Hanna, C. R., Robles-Zurita, J. A., Briggs, A., Harkin, A., Kelly, C., McQueen, J., ... &amp; Boyd, K. A. (2021). Three versus six months of adjuvant doublet chemotherapy for patients with colorectal cancer: a multi-country cost-effectiveness and budget impact analysis. Clinical colorectal cancer, 20(3), 236-244.</subfield>
   </datafield>
   <datafield ind1="8" ind2=" " tag="024">
      <subfield code="a">https://hdl.handle.net/10630/37223</subfield>
   </datafield>
   <datafield ind1="8" ind2=" " tag="024">
      <subfield code="a">10.1016/j.clcc.2021.04.001</subfield>
   </datafield>
   <datafield tag="653" ind2=" " ind1=" ">
      <subfield code="a">Cancer - Tratamiento</subfield>
   </datafield>
   <datafield ind2="0" ind1="0" tag="245">
      <subfield code="a">Three Versus Six Months of Adjuvant Doublet Chemotherapy for Patients With Colorectal Cancer: A Multi-Country Cost-Effectiveness and Budget Impact Analysis</subfield>
   </datafield>
</record>
</metadata></record></GetRecord></OAI-PMH>